| 000 | 00820cam a22002771 4500 | ||
|---|---|---|---|
| 001 | 30034 | ||
| 003 | BD-RjUL | ||
| 005 | 20211209051511.0 | ||
| 008 | 140407r19641951enk 001 0 eng | ||
| 035 | _a(BD-RjUL) 30119 | ||
| 040 |
_aDLC _cDLC _dBD-RjUL _beng |
||
| 041 | _aeng | ||
| 082 | 0 | 0 |
_a150.9 _bFLH 1964 |
| 100 | 1 |
_aFlugel, J. C. _q(John Carl), _d1884-1955. _94162 |
|
| 245 | 1 | 2 |
_aA hundred years of psychology, 1833-1933 / _crevised by Donald, J. West _nPart V :1933-1963 |
| 250 | _a3d ed. | ||
| 260 |
_aLondon : _bDuckworth, _c1951 [Reprinted 1959]. |
||
| 300 |
_a394 p. ; _c23 cm. |
||
| 504 | _aIncludes index. | ||
| 650 | 0 |
_aPsychology _xHistory. _95500 |
|
| 700 |
_aDonald, J. West _991352 |
||
| 942 |
_2ddc _cBK |
||
| 999 |
_c30034 _d30034 |
||